000 01086nas a2200337 4500
001 BR2015003380
003 BR-BrBNA
005 20231205125417.0
007 ta
008 230509b bl.|||p| |||| 00| 00por d
040 _aBR-BrBNA
_bpor
_cBiblioteca Nacional de Agricultura
041 _a(Pt)
072 _aN10
100 1 _aNazareno, A.C.
100 1 _aPandorfi, H.
100 1 _aGuiselini, C.
100 1 _aVigoderis, R.B.
100 1 _aPedrosa, E.M.R.
245 1 _aBem-estar na produção de frango de corte em diferentes sistemas de criação
246 1 _aAnimal welfare in different housing systems of broiler production
650 _aFRANGO DE CORTE
650 _aINSTALACAO PARA ANIMAL
650 _aCONTROLE AMBIENTAL
650 _aAVICULTURA
650 _aCOMPORTAMENTO ANIMAL
650 _aTEMPERATURA
773 0 _tEngenharia Agrícola (Brazil)
_xISSN 1809-4430
_g(Jan-Feb 2011), v. 31(1) p. 13-22
_wBR2015003380
856 4 0 _uhttp://www.scielo.br/pdf/eagri/v31n1/v31n1a02.pdf
909 _a202311
_bLúcia
_c55
_dLúcia Elande
942 _2AGRIS
_n0
_cANA
999 _c244234
_d244234